000 00483nam a2200169Ia 4500
999 _c12147
_d12147
003 OSt
005 20201005100119.0
008 190216s9999||||xx |||||||||||||| ||und||
040 _coclc
082 _a823.8
_bBRO/W
100 _aBronte, Emily
_94988
245 0 _aWuthering Heights /
_cEmily Bronte ; Malcolm Elwin ; Arthur Wragg
260 _bHeron Books,
_aLondon:
300 _a350p
650 _aSpeeches
942 _cBK
_2ddc
_h823.8
_iBRO/W
_k823.8
_mBRO/W